[Event "Druzynowe Mistrzostwa Polski Ekstraliga"]
[Site "Gorzow Wlkp. - Wroclaw - Katowice"]
[Date "1899-12-30"]
[Round "4.21"]
[White "Kolosowski, Mateusz"]
[Black "Leniart, Arkadiusz"]
[Result "1-0"]
[WhiteTitle "IM"]
[BlackTitle "IM"]
[WhiteElo "2421"]
[BlackElo "2479"]

1. d4 d5 2. c4 e6 3. Nc3 Nf6 4. cxd5 exd5 5. Bg5 c6 6. Qc2 g6 7. e3 Bf5 8. Bd3
Bxd3 9. Qxd3 Nbd7 10. Nge2 Be7 11. O-O O-O 12. f3 Re8 13. Rad1 Qb6 14. Kh1 Rad8
15. e4 Kg7 16. e5 Ng8 17. Bc1 Bb4 18. f4 f5 19. g4 Nh6 20. gxf5 Nxf5 21. Ng3 Nxg3+
22. Qxg3 Bxc3 23. bxc3 Kh8 24. f5 gxf5 25. Bg5 Rc8 26. Rg1 Qc7 27. Bd8 1-0

[Event "Druzynowe Mistrzostwa Polski Ekstraliga"]
[Site "Gorzow Wlkp. - Wroclaw - Katowice"]
[Date "1899-12-30"]
[Round "4.22"]
[White "Mikrut, Dariusz"]
[Black "Sabuk, Piotr"]
[Result "1/2-1/2"]
[WhiteTitle "IM"]
[BlackTitle "IM"]
[WhiteElo "2406"]
[BlackElo "2368"]

1. d4 d5 2. c4 e6 3. Nf3 Nf6 4. Bg5 Be7 5. Nc3 h6 6. Bh4 O-O 7. e3 Nbd7 8. Rc1
c5 9. cxd5 Nxd5 10. Bxe7 Nxe7 11. dxc5 Nxc5 12. b4 Qxd1+ 13. Rxd1 Nd7 14. Be2
Nf6 15. O-O Ned5 16. Nxd5 Nxd5 17. Rd4 b6 18. Rc1 Bb7 19. a3 Rfc8 20. Rxc8+ Rxc8
21. Rc4 Rxc4 22. Bxc4 Kf8 23. Nd2 Ke7 24. Kf1 Nc3 25. f3 Kd6 26. Bd3 Bc6 27. Ke1
Bb5 28. Ne4+ Kc6 29. Bc2 Nxe4 30. Bxe4+ Kd6 31. Kd2 e5 1/2-1/2

[Event "Druzynowe Mistrzostwa Polski Ekstraliga"]
[Site "Gorzow Wlkp. - Wroclaw - Katowice"]
[Date "1899-12-30"]
[Round "4.23"]
[White "Dubinski, Mateusz"]
[Black "Barski, Radoslaw"]
[Result "0-1"]
[WhiteTitle "CM"]
[BlackTitle "k++"]
[WhiteElo "2275"]
[BlackElo "2412"]

1. d4 Nf6 2. c4 g6 3. Nc3 Bg7 4. e4 d6 5. f3 O-O 6. Nge2 c5 7. d5 e6 8. Ng3 exd5
9. cxd5 a6 10. a4 Nbd7 11. Be2 h5 12. O-O h4 13. Nh1 Nh5 14. Be3 f5 15. f4 fxe4
16. Bxh5 gxh5 17. Qxh5 Nf6 18. Qxh4 Ng4 19. Qxd8 Rxd8 20. Bf2 Nxf2 21. Nxf2 e3
22. Nfe4 Bf5 23. Ng3 Bd3 24. Rfd1 c4 25. Re1 Re8 26. a5 Rab8 27. Nge2 b5 28. axb6
Rxb6 29. Ra2 Reb8 30. Na4 Rb4 31. g4 a5 32. Nec3 Rxb2 33. Nxb2 Bxc3 34. Nxd3 cxd3
35. Rxe3 Bd4 0-1

[Event "Druzynowe Mistrzostwa Polski Ekstraliga"]
[Site "Gorzow Wlkp. - Wroclaw - Katowice"]
[Date "1899-12-30"]
[Round "4.24"]
[White "Leks, Maria"]
[Black "Krupa, Monika"]
[Result "0-1"]
[WhiteTitle "WCM"]
[BlackTitle "WGM"]
[WhiteElo "2129"]
[BlackElo "2230"]

1. e4 c5 2. Nf3 Nc6 3. d4 cxd4 4. Nxd4 e5 5. Nb5 Nf6 6. N1c3 d6 7. Na3 Bg4 8. f3
Be6 9. Bc4 Rc8 10. Nd5 Bxd5 11. Bxd5 Be7 12. Be3 O-O 13. O-O Nxd5 14. exd5 Nd4
15. c3 Nf5 16. Bxa7 b6 17. Qb3 Qd7 18. Bxb6 Rb8 19. Nc4 Rfc8 20. a4 Rxc4 21. Qxc4
Rxb6 22. Rfb1 Bg5 23. a5 Rb8 24. b4 Be3+ 25. Kh1 h5 26. a6 Ba7 27. b5 Rb6 28.
Qd3 g6 29. Ra4 Kg7 30. Rab4 Ne7 31. c4 Qc7 32. f4 f6 33. fxe5 fxe5 34. Qe4 Qc5
35. R4b3 Nf5 36. Rf1 Rb8 37. Rbf3 Rf8 38. Qb1 Bb6 39. Qc1 Bd8 40. Qa1 Bb6 41.
Qc3 Rf7 42. Qd3 h4 43. Re1 Rf8 44. g4 hxg3 45. hxg3 Qc8 46. g4 Qd8 47. Re2 Qh4+
48. Rh3 Qxg4 49. Rg2 Qf4 50. Qc2 Nh4 51. Rgg3 Qf1+ 0-1

[Event "Druzynowe Mistrzostwa Polski Ekstraliga"]
[Site "Gorzow Wlkp. - Wroclaw - Katowice"]
[Date "1899-12-30"]
[Round "4.25"]
[White "Gmaj, Krzysztof"]
[Black "Kryvoruchko, Yuriy"]
[Result "0-1"]
[WhiteTitle "k"]
[BlackTitle "GM"]
[WhiteElo "2135"]
[BlackElo "2714"]

1. e4 c5 2. Nf3 Nc6 3. Bb5 g6 4. O-O Bg7 5. Re1 Nf6 6. e5 Nd5 7. Nc3 Nc7 8. Bxc6
bxc6 9. Ne4 Ne6 10. d3 O-O 11. Be3 d6 12. exd6 exd6 13. d4 f5 14. Nc3 f4 15. d5
fxe3 16. dxe6 exf2+ 17. Kxf2 Bd4+ 18. Kg3 Qf6 19. Qd2 Bxe6 20. Ne4 Qg7 21. Neg5
Bd5 22. Nxd4 cxd4 23. Ne6 Bxe6 24. Rxe6 Rf5 25. Rae1 Raf8 26. h3 c5 27. Kh2 d5
28. Re7 Qf6 29. Qh6 Qd6+ 30. Kg1 Rf1+ 31. Rxf1 Rxf1+ 32. Kxf1 Qxe7 33. Qd2 Qe3
34. Qa5 Qc1+ 35. Qe1 Qxe1+ 36. Kxe1 Kf7 37. Ke2 Ke6 38. Kd3 Ke5 39. b3 Kd6 40.
g3 Ke5 41. a3 h6 42. Kd2 c4 43. b4 a5 44. c3 dxc3+ 45. Kxc3 axb4+ 46. Kxb4 Kd4
47. a4 c3 0-1

[Event "Druzynowe Mistrzostwa Polski Ekstraliga"]
[Site "Gorzow Wlkp. - Wroclaw - Katowice"]
[Date "1899-12-30"]
[Round "4.26"]
[White "Piorun, Kacper"]
[Black "Jakubiec, Edyta"]
[Result "1-0"]
[WhiteTitle "GM"]
[BlackTitle "WIM"]
[WhiteElo "2638"]
[BlackElo "2233"]

1. e4 e6 2. d4 d5 3. Nc3 Bb4 4. e5 c5 5. a3 Bxc3+ 6. bxc3 Qc7 7. h4 cxd4 8. cxd4
Qc3+ 9. Bd2 Qxd4 10. Nf3 Qe4+ 11. Be3 Nc6 12. Bd3 Qa4 13. h5 Qa5+ 14. Kf1 Bd7
15. Rh4 f6 16. Bf4 Qc3 17. Bd2 Qc5 18. Qe2 O-O-O 19. Rb1 Nge7 20. Ba6 Rdf8 21.
Rxb7 Kd8 22. Bb4 Nxb4 23. axb4 Qc3 24. Kg1 Nc6 25. Bb5 fxe5 26. Rxd7+ Kxd7 27.
Nxe5+ Kd6 28. Nxc6 a6 29. Nd4 e5 30. Qg4 Qc8 31. Qxg7 axb5 32. Nxb5+ Ke6 33. f4
Qb8 34. Nc7+ Kd6 35. fxe5+ Kc6 36. b5+ 1-0

[Event "Druzynowe Mistrzostwa Polski Ekstraliga"]
[Site "Gorzow Wlkp. - Wroclaw - Katowice"]
[Date "1899-12-30"]
[Round "4.27"]
[White "Jakubiec, Artur"]
[Black "Krasenkow, Michal"]
[Result "0-1"]
[WhiteTitle "GM"]
[BlackTitle "GM"]
[WhiteElo "2500"]
[BlackElo "2627"]

1. e4 c5 2. Nf3 Nc6 3. d3 g6 4. g3 Bg7 5. Bg2 e5 6. c3 Nge7 7. Be3 d6 8. h4 h6
9. Qd2 Bg4 10. Na3 Qd7 11. Nc2 Rd8 12. Nh2 Bh3 13. Bxh3 Qxh3 14. O-O-O Qe6 15.
Kb1 d5 16. exd5 Qxd5 17. h5 c4 18. dxc4 Qxc4 19. Qc1 Rxd1 20. Qxd1 g5 21. f4 gxf4
22. gxf4 e4 23. f5 Nxf5 24. Rf1 Nce7 25. Bxa7 O-O 26. Qd7 Ra8 27. Qxb7 Rd8 28.
Rc1 Qe2 29. Nf1 Nd5 30. Qc6 Qd3 31. c4 Nf4 32. Nfe3 Nxe3 33. Bxe3 Ne2 34. Re1
Qd1+ 35. Bc1 Nc3+ 36. bxc3 Rb8+ 37. Qb5 Rxb5+ 38. cxb5 Qd5 39. Nd4 Bxd4 40. cxd4
Qxb5+ 0-1

[Event "Druzynowe Mistrzostwa Polski Ekstraliga"]
[Site "Gorzow Wlkp. - Wroclaw - Katowice"]
[Date "1899-12-30"]
[Round "4.28"]
[White "Heberla, Bartlomiej"]
[Black "Weichhold, Pawel"]
[Result "1-0"]
[WhiteTitle "GM"]
[BlackTitle "IM"]
[WhiteElo "2580"]
[BlackElo "2428"]

1. Nf3 c5 2. e3 g6 3. d4 Bg7 4. d5 d6 5. c4 e5 6. Nc3 f5 7. e4 h6 8. Qc2 Ne7 9.
Bd2 Nd7 10. Bd3 Nf6 11. Nh4 f4 12. g3 g5 13. Nf5 Bxf5 14. exf5 Qd7 15. Rg1 Rg8
16. O-O-O O-O-O 17. f3 Rdf8 18. g4 Rh8 19. h4 Kb8 20. Rh1 Nc8 21. Be1 Nb6 22.
Bf2 Rfg8 23. a3 Qc8 24. Kb1 Bf8 25. Ka2 Be7 26. Rb1 Nbd7 27. Nb5 a6 28. Nc3 Kc7
29. b4 Kd8 30. bxc5 dxc5 31. Qb3 b6 32. Na4 gxh4 33. Nxb6 Qb7 34. Bxh4 e4 35.
d6 exd3 36. dxe7+ Ke8 37. Qxd3 1-0

[Event "Druzynowe Mistrzostwa Polski Ekstraliga"]
[Site "Gorzow Wlkp. - Wroclaw - Katowice"]
[Date "1899-12-30"]
[Round "4.29"]
[White "Tymrakiewicz, Rafal"]
[Black "Kanarek, Marcel"]
[Result "1-0"]
[WhiteTitle "FM"]
[BlackTitle "GM"]
[WhiteElo "2285"]
[BlackElo "2519"]

1. d4 Nf6 2. Nf3 g6 3. Bg5 Bg7 4. e3 O-O 5. Nbd2 d5 6. Bd3 c5 7. c3 b6 8. Qe2 Bb7
9. Rd1 Ne4 10. Bf4 Nd7 11. O-O Qe8 12. Ba6 Qc8 13. Bxb7 Qxb7 14. Nxe4 dxe4 15.
Nd2 Rac8 16. f3 exf3 17. Nxf3 b5 18. e4 b4 19. Kh1 a5 20. d5 bxc3 21. bxc3 Bxc3
22. e5 Qb2 23. Qe3 Nb6 24. Bh6 Rfd8 25. d6 exd6 26. e6 Bg7 27. exf7+ Kh8 28. Rb1
Nd5 29. Qe6 Qf6 30. Bxg7+ Kxg7 31. Qxd5 Qxf7 32. Rb7 Rd7 33. Rxd7 Qxd7 34. Ne5
Qb5 35. Qf7+ 1-0

[Event "Druzynowe Mistrzostwa Polski Ekstraliga"]
[Site "Gorzow Wlkp. - Wroclaw - Katowice"]
[Date "1899-12-30"]
[Round "4.30"]
[White "Zawadzka, Beata"]
[Black "Kubicka, Anna"]
[Result "1-0"]
[WhiteTitle "WGM"]
[BlackTitle "m"]
[WhiteElo "2324"]
[BlackElo "2190"]

1. d4 Nf6 2. g3 g6 3. Bg2 Bg7 4. e4 d6 5. Ne2 O-O 6. O-O c5 7. c3 cxd4 8. cxd4
e5 9. Nbc3 Nc6 10. d5 Ne7 11. h3 Ne8 12. Be3 f5 13. Rc1 Bd7 14. Qb3 b6 15. f4
Kh8 16. fxe5 Bxe5 17. Bd4 Bxd4+ 18. Nxd4 Nf6 19. Ne6 Bxe6 20. dxe6 Rc8 21. Rce1
fxe4 22. Nxe4 Nxe4 23. Bxe4 Qc7 24. Qe3 d5 25. Bg2 Rxf1+ 26. Rxf1 Nf5 27. Qg5
Qg7 28. g4 Ng3 29. Re1 Ne4 30. Qxd5 Nf6 31. e7 Re8 32. Qd8 Qg8 33. Qd6 Qg7 34.
Bc6 Rg8 35. Rf1 Nh5 36. Rf8 1-0

[Event "Druzynowe Mistrzostwa Polski Ekstraliga"]
[Site "Gorzow Wlkp. - Wroclaw - Katowice"]
[Date "1899-12-30"]
[Round "5.1"]
[White "Kryvoruchko, Yuriy"]
[Black "Mista, Aleksander"]
[Result "1/2-1/2"]
[WhiteTitle "GM"]
[BlackTitle "GM"]
[WhiteElo "2714"]
[BlackElo "2606"]

1. e4 c5 2. Nf3 d6 3. d4 cxd4 4. Nxd4 Nf6 5. Nc3 g6 6. Be3 Bg7 7. f3 O-O 8. Qd2
Nc6 9. O-O-O d5 10. exd5 Nxd5 11. Nxc6 bxc6 12. Bd4 Bxd4 13. Qxd4 Qb6 14. Na4
Qa5 15. b3 Be6 16. Bc4 Rfd8 17. Qc5 Qc7 18. Bxd5 Qf4+ 19. Kb2 cxd5 20. Qd4 Qc7
21. Rhe1 Rac8 22. Rd2 a5 23. g4 Rd6 24. Re3 Rc6 25. Rc3 Bd7 26. Rxc6 Bxc6 27.
Nb6 Rd8 28. c4 e6 29. f4 Re8 30. cxd5 Bxd5 31. Nxd5 exd5 32. Rc2 Qd7 33. h3 Re4
34. Qc5 Rxf4 35. Qxa5 Qe6 36. Qc3 Qe4 37. Rd2 d4 38. Qd3 Qe1 39. Qe2 Qg3 40. Rd3
Rf2 41. Rxg3 Rxe2+ 42. Kb1 Kf8 43. Rd3 Re4 44. a4 Ke7 45. a5 Kd6 46. a6 Kc6 47.
Rf3 f5 48. gxf5 Re3 49. Rf4 Rxb3+ 50. Ka2 Rb6 51. fxg6 Rxa6+ 52. Kb3 hxg6 53.
Rf6+ Kb5 54. Rxa6 Kxa6 55. Kc4 Kb6 56. Kxd4 Kc6 57. Ke5 Kd7 58. Kf6 Ke8 59. Kxg6
1/2-1/2

[Event "Druzynowe Mistrzostwa Polski Ekstraliga"]
[Site "Gorzow Wlkp. - Wroclaw - Katowice"]
[Date "1899-12-30"]
[Round "5.2"]
[White "Kempinski, Robert"]
[Black "Piorun, Kacper"]
[Result "1/2-1/2"]
[WhiteTitle "GM"]
[BlackTitle "GM"]
[WhiteElo "2586"]
[BlackElo "2638"]

1. d4 d5 2. Nf3 Nf6 3. e3 e6 4. c4 a6 5. Nbd2 c5 6. dxc5 Bxc5 7. Bd3 Nc6 8. O-O
dxc4 9. Nxc4 b5 10. Nce5 Nxe5 11. Nxe5 Bb7 12. Qe2 Qc7 13. Nf3 Ng4 14. e4 O-O
15. h3 Ne5 16. Bf4 Nxf3+ 17. Qxf3 e5 18. Be3 Rac8 19. Rac1 Qe7 20. Bxc5 Rxc5 21.
Qe3 Rfc8 22. Rxc5 Qxc5 23. Qxc5 Rxc5 24. f3 Kf8 25. a3 Ke7 26. h4 Bc8 27. Kf2
Be6 28. Ke3 Bb3 29. g3 f6 30. Rg1 Kd6 31. g4 1/2-1/2

[Event "Druzynowe Mistrzostwa Polski Ekstraliga"]
[Site "Gorzow Wlkp. - Wroclaw - Katowice"]
[Date "1899-12-30"]
[Round "5.3"]
[White "Krasenkow, Michal"]
[Black "Simacek, Pavel"]
[Result "1-0"]
[WhiteTitle "GM"]
[BlackTitle "IM"]
[WhiteElo "2627"]
[BlackElo "2485"]

1. Nf3 d5 2. d4 c6 3. c4 dxc4 4. e3 Be6 5. Nc3 Nf6 6. Ng5 Bg4 7. f3 Bc8 8. Bxc4
e6 9. f4 Be7 10. O-O b5 11. Bd3 b4 12. Na4 Ba6 13. Bxa6 Nxa6 14. e4 h6 15. Nf3
Nxe4 16. Qe2 Qa5 17. Qxe4 Qxa4 18. f5 O-O 19. fxe6 f5 20. Qe2 b3 21. Bxh6 bxa2
22. Bg5 Rae8 23. b3 Qb5 24. Qxb5 cxb5 25. Rxa2 Nc7 26. Bxe7 Rxe7 27. Rxa7 Rfe8
28. Ng5 g6 29. Rc1 1-0

[Event "Druzynowe Mistrzostwa Polski Ekstraliga"]
[Site "Gorzow Wlkp. - Wroclaw - Katowice"]
[Date "1899-12-30"]
[Round "5.4"]
[White "Sieciechowicz, Marcin"]
[Black "Heberla, Bartlomiej"]
[Result "1/2-1/2"]
[WhiteTitle "IM"]
[BlackTitle "GM"]
[WhiteElo "2409"]
[BlackElo "2580"]

1. d4 g6 2. c4 Bg7 3. e4 d6 4. Nc3 Nf6 5. Nf3 O-O 6. Be2 e5 7. O-O Nc6 8. d5 Ne7
9. b4 a5 10. Ba3 axb4 11. Bxb4 Re8 12. c5 dxc5 13. Bxc5 c6 14. Qb3 cxd5 15. Rad1
Qc7 16. Bxe7 Qxe7 17. exd5 Qc5 18. Rc1 Qa5 19. Nd2 Bh6 20. Nc4 Qc5 21. Rcd1 Bf8
22. a4 Rb8 23. Ne3 Bh6 24. Nb5 Ne4 25. Bf3 Nd6 26. Nxd6 Qxd6 27. Be2 Bd7 28. Bb5
Bxb5 29. Qxb5 Bxe3 30. fxe3 e4 31. Rd4 Re7 32. Qb4 Rd8 33. Rxe4 Qxb4 34. Rxb4
Rxd5 35. Rfb1 Rxe3 36. Rxb7 Ra3 37. Rf1 Rd2 38. Rbxf7 Raa2 39. R7f2 Rxf2 1/2-1/2

[Event "Druzynowe Mistrzostwa Polski Ekstraliga"]
[Site "Gorzow Wlkp. - Wroclaw - Katowice"]
[Date "1899-12-30"]
[Round "5.5"]
[White "Kanarek, Marcel"]
[Black "Grela, Kacper"]
[Result "1-0"]
[WhiteTitle "GM"]
[BlackTitle "FM"]
[WhiteElo "2519"]
[BlackElo "2312"]

1. d4 d5 2. c4 e6 3. Nc3 Be7 4. Bf4 Nf6 5. e3 O-O 6. Nf3 b6 7. cxd5 Nxd5 8. Bd3
Nxf4 9. exf4 Bb7 10. O-O Nd7 11. Qe2 c5 12. Be4 Bxe4 13. Nxe4 cxd4 14. Nxd4 Nf6
15. Nc6 Qd7 16. Rac1 Nxe4 17. Qxe4 Rac8 18. b4 Bc5 19. b5 Qd5 20. Qe2 a6 21. a4
axb5 22. axb5 Ra8 23. Ra1 g6 24. g3 h5 25. h4 Qb3 26. Kg2 Qc3 27. Qe5 Qxe5 28.
fxe5 Rfc8 29. Rfc1 Kg7 30. Rxa8 Rxa8 31. Rxc5 bxc5 32. b6 Rc8 33. b7 Rxc6 34.
b8=Q c4 35. Qb5 Rc8 36. Qd7 Rc5 37. Qd4 Rc8 38. Qc3 Rc7 39. Kf3 Rc8 40. Ke3 Rc6
41. Kd2 Rc8 42. Kc2 Rc7 43. Qa5 Rc8 44. Kc3 Rc6 45. Qd8 Rc5 46. Qf6+ Kg8 47. f3
Rc8 48. g4 Rc5 49. gxh5 gxh5 50. Qg5+ 1-0

[Event "Druzynowe Mistrzostwa Polski Ekstraliga"]
[Site "Gorzow Wlkp. - Wroclaw - Katowice"]
[Date "1899-12-30"]
[Round "5.6"]
[White "Sliwicka, Alicja"]
[Black "Zawadzka, Beata"]
[Result "0-1"]
[WhiteTitle "WFM"]
[BlackTitle "WGM"]
[WhiteElo "2178"]
[BlackElo "2324"]

1. e4 c5 2. Nf3 d6 3. d4 cxd4 4. Nxd4 Nf6 5. f3 e5 6. Nb3 Be6 7. c4 a5 8. Be3 a4
9. N3d2 Qa5 10. Nc3 a3 11. b4 Qd8 12. Be2 Be7 13. Qb3 O-O 14. O-O Nh5 15. Nb5
Bg5 16. Rfd1 Bxe3+ 17. Qxe3 Nc6 18. Rab1 Ra4 19. Nb3 Nf4 20. Bf1 Qg5 21. Kh1 Bxc4
22. g3 Bxf1 23. Rxf1 Ne6 24. Qxg5 Nxg5 25. Nxd6 Rxb4 26. h4 Ne6 27. Rfc1 g6 28.
Nxb7 Rxb7 29. Rxc6 Nd4 30. Ra6 Rc8 31. Rxa3 Rc2 32. Rf1 Nxb3 33. Rxb3 Rd7 34.
Rfb1 Rdd2 35. a4 Rh2+ 36. Kg1 Rcg2+ 37. Kf1 Ra2 38. Kg1 Rag2+ 39. Kf1 Ra2 40.
Kg1 Rhg2+ 41. Kh1 Rxg3 42. R1b2 Rxb2 43. Rxb2 Rxf3 44. Ra2 Rf6 45. a5 Ra6 46.
h5 Kg7 47. Kg2 Kh6 48. hxg6 hxg6 49. Kf3 f5 50. exf5 gxf5 51. Ke3 Kg5 52. Kd3
Kf4 53. Kc4 e4 54. Rf2+ Kg4 55. Ra2 Kf3 56. Kd4 e3 57. Ra3 f4 58. Ke5 Ra8 59.
a6 Re8+ 60. Kf5 Rf8+ 61. Kg5 Kf2 62. a7 e2 63. a8=Q Rxa8 64. Rxa8 f3 65. Ra2 Kf1
66. Kg4 f2 0-1

[Event "Druzynowe Mistrzostwa Polski Ekstraliga"]
[Site "Gorzow Wlkp. - Wroclaw - Katowice"]
[Date "1899-12-30"]
[Round "5.7"]
[White "Klekowski, Maciej"]
[Black "Gmaj, Krzysztof"]
[Result "1-0"]
[WhiteTitle "IM"]
[BlackTitle "k"]
[WhiteElo "2473"]
[BlackElo "2135"]

1. d4 d6 2. e4 Nf6 3. Nc3 c6 4. a4 e5 5. Nf3 Nbd7 6. a5 Be7 7. Be2 O-O 8. O-O Re8
9. Re1 Bf8 10. Bf1 exd4 11. Nxd4 Nc5 12. f3 g6 13. Bg5 Bg7 14. Qd2 Qc7 15. Red1
Rd8 16. Ndb5 Qe7 17. Nxd6 h6 18. Bh4 g5 19. Bg3 Nh5 20. Bf2 Qe5 21. Qe3 Rxd6 22.
Qxc5 Rxd1 23. Rxd1 Qxc5 24. Bxc5 Be6 25. Na4 Nf6 26. Be3 Nd7 27. b3 Kf8 28. Bc4
Ke7 29. Nc5 Nxc5 30. Bxc5+ Ke8 31. Bxe6 fxe6 32. Rd6 Bf8 33. Rxe6+ Kf7 34. Re5
Bxc5+ 35. Rxc5 Ke6 36. a6 bxa6 37. Rxc6+ Ke5 38. Kf2 g4 39. Ke3 gxf3 40. gxf3
1-0

[Event "Druzynowe Mistrzostwa Polski Ekstraliga"]
[Site "Gorzow Wlkp. - Wroclaw - Katowice"]
[Date "1899-12-30"]
[Round "5.8"]
[White "Jakubiec, Artur"]
[Black "Matuszewski, Michal"]
[Result "1-0"]
[WhiteTitle "GM"]
[BlackTitle "IM"]
[WhiteElo "2500"]
[BlackElo "2485"]

1. e4 c5 2. Ne2 a6 3. g3 b5 4. Bg2 Bb7 5. O-O d6 6. d4 cxd4 7. Nxd4 e5 8. Nf5 g6
9. Ne3 Nf6 10. Nc3 Nbd7 11. Ncd5 Bg7 12. a4 Nxd5 13. Nxd5 bxa4 14. Rxa4 O-O 15.
Be3 Bxd5 16. Qxd5 Nb6 17. Bxb6 Qxb6 18. b4 Rac8 19. c4 Rc7 20. Rd1 Rb8 21. Bf1
Bf8 22. h4 Qc6 23. Qxc6 Rxc6 24. Bd3 Be7 25. Kf1 Kf8 26. Ke2 Bd8 27. Rda1 Ke7
28. h5 Rc7 29. hxg6 hxg6 30. Rh1 Ra7 31. Rha1 Rab7 32. b5 a5 33. Rh1 Bb6 34. c5
Bxc5 35. Rxa5 Ra7 36. Rxa7+ Bxa7 37. Bc4 Rc8 38. Kd3 Bb6 39. Rh7 Rf8 40. f4 Kf6
41. Bd5 Bf2 42. Rh2 Bc5 43. Kc4 Bb6 44. Bc6 Ke6 45. Bd5+ Kf6 46. Kb4 Rc8 47. Rh7
Rf8 48. Ka4 Ke7 49. Kb3 Bd4 50. Kc4 Be3 51. Kd3 Bb6 52. f5 Kf6 53. g4 gxf5 54.
gxf5 Ke7 55. Kc4 Ba5 56. Kb3 Bb6 57. Kb4 Bc7 58. Rh6 Bb6 59. f6+ Kd7 60. Rh7 Ke8
61. Kc4 Bd4 62. Kd3 Bb6 63. Ke2 Ba5 64. Kf3 Bb6 65. Kg4 Bc5 66. Kh5 Be3 67. Bb3
d5 68. Bxd5 1-0

[Event "Druzynowe Mistrzostwa Polski Ekstraliga"]
[Site "Gorzow Wlkp. - Wroclaw - Katowice"]
[Date "1899-12-30"]
[Round "5.9"]
[White "Leniart, Arkadiusz"]
[Black "Weichhold, Pawel"]
[Result "1-0"]
[WhiteTitle "IM"]
[BlackTitle "IM"]
[WhiteElo "2479"]
[BlackElo "2428"]

1. d4 Nf6 2. c4 g6 3. Nc3 Bg7 4. e4 d6 5. f4 O-O 6. Nf3 Na6 7. Bd3 e5 8. fxe5 dxe5
9. d5 Qd6 10. O-O c6 11. Kh1 Bd7 12. Be3 cxd5 13. cxd5 Ng4 14. Bg1 f5 15. Nd2
f4 16. Nc4 Qe7 17. Be2 Nh6 18. Qb3 Bg4 19. d6 Qf7 20. Bxg4 Nxg4 21. Nd5 Kh8 22.
Rac1 g5 23. Rfd1 Rad8 24. a4 b6 25. Qh3 h5 26. b4 Nb8 27. Ne7 Kh7 28. Qd3 Rd7
29. b5 Bf6 30. Nc6 Re8 31. Qd5 Qg7 32. a5 bxa5 33. N4xa5 h4 34. Nxb8 Rxb8 35.
Qe6 Ne3 36. Bxe3 fxe3 37. Rf1 Rf8 38. Nc4 e2 39. Rfe1 Rdf7 40. Ne3 1-0

[Event "Druzynowe Mistrzostwa Polski Ekstraliga"]
[Site "Gorzow Wlkp. - Wroclaw - Katowice"]
[Date "1899-12-30"]
[Round "5.10"]
[White "Tymrakiewicz, Rafal"]
[Black "Mikrut, Dariusz"]
[Result "1-0"]
[WhiteTitle "FM"]
[BlackTitle "IM"]
[WhiteElo "2285"]
[BlackElo "2406"]

1. d4 Nf6 2. Nf3 g6 3. Bf4 Bg7 4. e3 d6 5. Bc4 c5 6. c3 Qc7 7. Nbd2 a6 8. a4 Nh5
9. Bg5 h6 10. Bh4 Nc6 11. O-O g5 12. Bg3 Nxg3 13. fxg3 e6 14. d5 Nd8 15. e4 Qe7
16. a5 O-O 17. Qc2 exd5 18. exd5 f5 19. Rae1 Qc7 20. Bd3 Qxa5 21. Re7 Nf7 22.
Bxf5 Qd8 23. Ree1 Bxf5 24. Qxf5 Qf6 25. Qd7 Rad8 26. Qxb7 Rb8 27. Qxa6 Rxb2 28.
Ne5 Qd8 29. Nc6 Qb6 30. Ne7+ Kh7 31. Qd3+ Kh8 32. Nc4 1-0

[Event "Druzynowe Mistrzostwa Polski Ekstraliga"]
[Site "Gorzow Wlkp. - Wroclaw - Katowice"]
[Date "1899-12-30"]
[Round "5.11"]
[White "Barski, Radoslaw"]
[Black "Kubicka, Anna"]
[Result "1-0"]
[WhiteTitle "k++"]
[BlackTitle "m"]
[WhiteElo "2412"]
[BlackElo "2190"]

1. e4 c6 2. d4 d5 3. e5 Bf5 4. h4 h5 5. c4 e6 6. Nc3 Ne7 7. Nge2 dxc4 8. Ng3 Bg6
9. Bg5 Qb6 10. Qd2 Nd7 11. Nge4 Bxe4 12. Nxe4 Nf5 13. O-O-O Qa6 14. Kb1 b5 15.
f3 Nb6 16. g4 Nh6 17. Bxh6 Rxh6 18. g5 Rh8 19. g6 Nd5 20. gxf7+ Kxf7 21. Rg1 Rb8
22. Qg5 Rh6 23. Nd6+ Bxd6 24. Qxg7+ Ke8 25. exd6 Rf6 26. d7+ Kd8 27. Qg8+ 1-0

[Event "Druzynowe Mistrzostwa Polski Ekstraliga"]
[Site "Gorzow Wlkp. - Wroclaw - Katowice"]
[Date "1899-12-30"]
[Round "5.12"]
[White "Jakubiec, Edyta"]
[Black "Leks, Maria"]
[Result "1/2-1/2"]
[WhiteTitle "WIM"]
[BlackTitle "WCM"]
[WhiteElo "2233"]
[BlackElo "2129"]

1. e4 g6 2. d4 Bg7 3. c3 d6 4. Nf3 a6 5. Bd3 Nd7 6. Bg5 h6 7. Be3 e5 8. h3 c5 9.
Nbd2 b5 10. a4 c4 11. Bb1 Bb7 12. dxe5 dxe5 13. b3 cxb3 14. Qxb3 Bc6 15. axb5
Bxb5 16. Nc4 Qc7 17. Ba2 Bxc4 18. Qxc4 Qxc4 19. Bxc4 Ngf6 20. O-O O-O 21. Nd2
Rfc8 22. f3 Bf8 23. Ra5 Bc5 24. Bxc5 Nxc5 25. Rfa1 Ne8 26. Kf1 Kf8 27. R1a3 Nd6
28. Bxa6 Rxa6 29. Rxa6 Nxa6 30. Rxa6 Ke7 31. Ra7+ Ke6 32. Ra3 Rc6 33. Rb3 f5 34.
exf5+ gxf5 35. Ke2 e4 36. fxe4 fxe4 37. Nf1 Ke5 38. Ne3 h5 39. Nf1 h4 40. Ne3
Ra6 41. Rb2 Rc6 42. Ra2 Nc4 43. Nxc4+ Rxc4 44. Ra5+ Kf4 45. Rh5 Kg3 46. Rg5+ Kh2
47. Ke3 Kg1 48. Rg4 Kf1 49. Rxe4 Rxc3+ 50. Kd2 Rg3 51. Rxh4 Kxg2 52. Rh8 Rxh3
1/2-1/2

[Event "Druzynowe Mistrzostwa Polski Ekstraliga"]
[Site "Gorzow Wlkp. - Wroclaw - Katowice"]
[Date "1899-12-30"]
[Round "5.13"]
[White "Bartel, Mateusz"]
[Black "Lupulescu, Constantin"]
[Result "0-1"]
[WhiteTitle "GM"]
[BlackTitle "GM"]
[WhiteElo "2637"]
[BlackElo "2631"]

1. e4 c5 2. Nc3 e6 3. Nf3 Nc6 4. Bb5 Nge7 5. O-O a6 6. Bd3 b5 7. Re1 Ng6 8. Bf1
Bb7 9. d3 Be7 10. a4 b4 11. Nd5 exd5 12. exd5 O-O 13. dxc6 Bxc6 14. d4 d6 15.
d5 Bb7 16. Bc4 a5 17. Qd3 Bf6 18. c3 Qb6 19. Bg5 Bxg5 20. Nxg5 Ba6 21. Bxa6 Qxa6
22. c4 Qc8 23. Qg3 Qd7 24. h4 Ne5 25. Ne4 f6 26. b3 Rad8 27. Re2 Qf5 28. Rae1
Rd7 29. f4 Ng6 30. h5 Qxh5 31. Nf2 Qh4 32. Qxh4 Nxh4 33. Re6 Nf5 34. Ne4 Rfd8
35. g4 Nd4 36. Re3 f5 37. Ng5 Rf8 38. Re8 h6 39. Rxf8+ Kxf8 40. Ne6+ Kf7 41. gxf5
Nxf5 42. Rh3 Kf6 43. Kf2 Re7 44. Rd3 g6 45. Kf3 Re8 46. Rd1 Ng7 47. Nxg7 Kxg7
48. Rh1 h5 49. Rg1 Kf6 50. Rh1 Kf5 51. Rg1 h4 0-1

[Event "Druzynowe Mistrzostwa Polski Ekstraliga"]
[Site "Gorzow Wlkp. - Wroclaw - Katowice"]
[Date "1899-12-30"]
[Round "5.14"]
[White "Vovk, Yuri"]
[Black "Mastrovasilis, Dimitrios"]
[Result "1/2-1/2"]
[WhiteTitle "GM"]
[BlackTitle "GM"]
[WhiteElo "2600"]
[BlackElo "2580"]

1. d4 d5 2. c4 c6 3. Nf3 Nf6 4. Qb3 dxc4 5. Qxc4 Bf5 6. g3 e6 7. Bg2 Be7 8. O-O
Nbd7 9. e3 O-O 10. Qe2 Qc7 11. Nc3 e5 12. h3 Ne4 13. Rd1 Rfe8 14. dxe5 Nxc3 15.
bxc3 Nxe5 16. Nd4 Bd7 17. e4 Rad8 18. f4 Ng6 19. Be3 Bc8 20. e5 Bc5 21. Kh2 Bb6
22. Rac1 Qe7 23. Qf2 f6 24. e6 Bxd4 25. Bxd4 Qxe6 26. Bxa7 Rxd1 27. Rxd1 Qc4 28.
Qb2 Re2 29. Qb3 Be6 30. Rd8+ Kf7 31. Qxc4 Bxc4 32. Kh1 Re1+ 33. Bg1 Bxa2 34. Rb8
Rb1 35. Be4 Bd5 36. Bxd5+ cxd5 37. Kg2 Ne7 38. Bc5 Rb2+ 39. Kf3 Rb3 40. Bb4 Nc6
41. Rxb7+ Kg6 42. Rb6 Nxb4 43. Rxb4 Rxc3+ 44. Kf2 Rc2+ 45. Kf3 Rc3+ 46. Kg2 h5
47. Rb5 Rc2+ 48. Kf3 Rc3+ 49. Kg2 Rd3 50. Rb7 Rd2+ 51. Kf3 Rd3+ 52. Kg2 d4 53.
Rd7 Rd1 54. Kf3 d3 55. Ke3 h4 56. gxh4 Rh1 57. Kf3 Rxh3+ 58. Kg4 Re3 59. f5+ Kh6
60. Kf4 Rh3 61. Kg4 Re3 62. Kf4 Re1 63. Rd8 Rf1+ 64. Kg4 Rg1+ 65. Kf4 Rf1+ 66.
Ke4 1/2-1/2

[Event "Druzynowe Mistrzostwa Polski Ekstraliga"]
[Site "Gorzow Wlkp. - Wroclaw - Katowice"]
[Date "1899-12-30"]
[Round "5.15"]
[White "Sadzikowski, Daniel"]
[Black "Kolosowski, Mateusz"]
[Result "1-0"]
[WhiteTitle "IM"]
[BlackTitle "IM"]
[WhiteElo "2548"]
[BlackElo "2421"]

1. e4 c5 2. Nf3 Nc6 3. Bb5 g6 4. Bxc6 dxc6 5. d3 Bg7 6. h3 Nf6 7. Nc3 O-O 8. Bf4
Nd7 9. Qd2 Re8 10. Bh6 Bh8 11. h4 Nf6 12. h5 Ng4 13. Bf4 c4 14. hxg6 fxg6 15.
d4 Rf8 16. Bg3 Bg7 17. a3 b5 18. Rd1 a5 19. Qg5 b4 20. Na4 Nf6 21. Nc5 Bg4 22.
Be5 Qc8 23. Rh4 Be6 24. c3 bxa3 25. bxa3 Bf7 26. Ke2 Rb8 27. Bxb8 Qxb8 28. Rhh1
Be8 29. Rb1 Qc8 30. Ne5 Nh5 31. g3 Bf6 32. Qg4 1-0